| 000 | 00462nam a2200157 i 4500 | ||
|---|---|---|---|
| 001 | 61405 | ||
| 003 | ES-MaACL | ||
| 005 | 20230906164441.0 | ||
| 007 | t| | ||
| 008 | 031112s1943 be ||||1| ger d | ||
| 100 | 1 |
_aEvers, Hans Gerhard. _948396 |
|
| 245 | 1 | 0 |
_aRubens und sein werth neve forschungen / _cHans Gerhard Evers. |
| 260 |
_aBrussels : _bVerlag de Lage Landen, _c1943. |
||
| 300 |
_a386 p., 60 lám. ; _c30 cm. |
||
| 852 |
_aES-MaACL _jF-15987 _bR.20861 |
||
| 999 |
_c61405 _d61405 |
||